000 00782cam a2200277 4500
008 000000n2000 000 0 eng u
020 _a0860175480
035 _a(Sirsi) u110102
050 _a658.404
100 _aThomas, Gareth
245 _aInnovation at the cutting edge: The experience of three major infrastructure projects.
260 _aLondon
_bCIRIA
_c2000
300 _a76p. ; 30cm.
350 _a35.00
490 _aCIRIA
_vC548
650 _aSUPPLY CHAIN MANAGEMENT
650 _aVALUE MANAGEMENT
650 _aPARTNERING
650 _aRISK MANAGEMENT
650 _aVALUE ENGINEERING
650 _aEGAN REFORMS
650 _aMANAGEMENT-PROJECT MANAGEMENT
690 _aBUILDING AND CONSTRUCTION-MANAGEMENT
700 _aBone, Roger
942 _n0
999 _c101050
_d101050